000 00418nam a22001337a 4500
082 _a388.341
_bSYN
_cD
100 _aUS Department of Transportation
_913255
245 _aSynthesis of safety research redestrains/
260 _aWashington DC:
_bUS department of transportation;
_cc1991
300 _aviii, 101p, :
_bill. ;
_c28 cm
526 _a0
_b0
_c0
_d388_341000000000000_SYN
650 _aMCE
_9379
942 _2ddc
_cBK
999 _c543352
_d543352